000 00676nam a22002297a 4500
005 20170124110020.0
010 _aA-946966
020 _c00.00
_a8171820255
035 _aA-946966
037 _bCen Lib/Ret
040 _aDPL
_bEN
082 _a615.892
_bGOE
100 _aGoel, Satish
_919612
245 _aAccupressor & acupenture therapies /
_cby Satish Goel
260 _aNew Delhi
_bDiamond pocket books
_c1999
270 _aX,30-Okhla industrial area phase 2
_bNew Delhi
_e110020
300 _a218p.
_c21cm(Hb)
650 _a Acupuncture
_919613
650 _aAcupuncture Therapies
_919614
700 _97313
942 _2ddc
_cEN
_h615.892
_mGOE
999 _c127165
_d127165